[Event "New Delhi Matrix op 3rd"]
[Site "New Delhi"]
[Date "2024.04.07"]
[Round "3"]
[White "Mohan, Naithani"]
[Black "Mrityunjay, Kumar"]
[Result "0-1"]
[WhiteElo "1694"]
[BlackElo "1900"]
[PlyCount "64"]
[EventDate "2024.04.06"]
[EventType "swiss"]
[EventRounds "9"]
[EventCountry "IND"]
[SourceTitle "CB16_2024"]
[SourceDate "2024.04.17"]
[SourceVersion "1"]
[SourceVersionDate "2024.04.17"]
[SourceQuality "1"]

1. d4 Nf6 2. Bf4 d5 3. e3 e6 4. Nd2 c5 5. c3 Nc6 6. Bd3 Qb6 7. Rb1 Bd7 8. Ngf3 Rc8 9. Ne5 Nxe5 10. dxe5 Ng8 11. h4 Bb5 12. c4 Bd7 13. Kf1 Ne7 14. h5 Qa5 15. Ra1 b5 16. b3 Qa3 17. Qc2 Nc6 18. Be2 Nb4 19. Qb1 a6 20. f3 Be7 21. Kf2 0-0 22. Qg1 f6 23. Qc1 Qa5 24. Qc3 d4 25. Qb2 Nc6 26. exf6 Bxf6 27. Qc2 e5 28. Bd3 h6 29. Bxh6 gxh6 30. Be4 dxe3+ 31. Kg3 Qxd2 32. Bd5+ Kh8 0-1